000 00706nam a2200205 a 4500
005 20260217062534.0
008 030512s2002 es r 000 0 spa d
020 _a8483165651
035 _aUPN01000124041
049 _aCG
050 4 _aLC1091
_bE8.4
100 1 _aEscámez Sánchez, Juan
_931295
245 1 3 _aLa educación de la ciudadanía :
_bde la participación en la escuela a la participación ciudadana /
_cJuan Escámez, Ramón Gil.
260 _aMadrid :
_bCCS :
_bICCE,
_cc2002.
300 _a84 p.
440 0 _aCuadernos de educación para la acción social.
_pDesafíos del mundo de hoy ;
_v15
650 4 _aCiudadanía
_97037
700 1 _aGil Martínez, Ramón,
_ecoaut.
905 _aLibro
999 _c96220
_d96220